00541nam a2200145 a 450000100100000000500170001000800410002704000250006808200150009311000730010824500860018126000720026730000200033970000360035900003006020240228184147.0110428s1995 dr 000 0 spa d aDO-SdBNPbspacBNPHU axxxbR426d1 aRepública Dominicana :bBanco Central de la República Dominicana10aDominican economy results, challenges and perspectives /cHéctor Valdez Albizu. aSanto Domingo :bBanco Central de la República Dominicana,c1995. a15 p. ;c28 cm.1 aValdez Albizu, Héctor,d1947-